BASIC PROGRAMMING FOR COMPUTER LITERACY (Record no. 581109)
[ view plain ]
| 000 -LEADER | |
|---|---|
| fixed length control field | 00379nam a22001337a 4500 |
| 020 ## - INTERNATIONAL STANDARD BOOK NUMBER | |
| International Standard Book Number | 0-07-043565-0 |
| 082 ## - DEWEY DECIMAL CLASSIFICATION NUMBER | |
| Classification number | 005.13-B MOU'B |
| 100 ## - MAIN ENTRY--PERSONAL NAME | |
| Personal name | MOURSUND, DAVID |
| 9 (RLIN) | 75715 |
| 245 ## - TITLE STATEMENT | |
| Title | BASIC PROGRAMMING FOR COMPUTER LITERACY |
| 260 ## - PUBLICATION, DISTRIBUTION, ETC. | |
| Place of publication, distribution, etc. | NEWYORK |
| Name of publisher, distributor, etc. | MCGRAW HILL |
| Date of publication, distribution, etc. | 1977 |
| 300 ## - PHYSICAL DESCRIPTION | |
| Extent | 268P |
| 650 ## - SUBJECT ADDED ENTRY--TOPICAL TERM | |
| Topical term or geographic name entry element | BASIC (COMPUTER PROGRAM LANGUAGE) COMPUTER AND CIVILIZATION |
| 9 (RLIN) | 75716 |
| 942 ## - ADDED ENTRY ELEMENTS (KOHA) | |
| Koha item type | Book |
| Withdrawn status | Lost status | Damaged status | Not for loan | Permanent Location | Current Location | Shelving location | Date acquired | Total Checkouts | Full call number | Barcode | Date last seen | Price effective from | Koha item type |
|---|---|---|---|---|---|---|---|---|---|---|---|---|---|
| College of Electrical & Mechanical Engineering (CEME) | College of Electrical & Mechanical Engineering (CEME) | General Stacks | 05/22/2017 | 005.13-B MOU'B | CEME-13799 | 06/28/2021 | 06/28/2021 | Book |
